000
00247nam a22001097a 4500
008
180806b xxu||||| |||| 00| 0 eng d
082
_a
813.52
245
_a
Animals Two by Two
_c
LHS
300
_a
1
_f
CD
440
_x
9781598216462
942
_2
ddc
_c
MX
999
_c
46801
_d
46801